00469pab a2200157 454500008004000000100001600040245003000056260000900086300001000095362001400105650001800119773004700137909000900184999001500193952010300208180718b1983 xxu||||| |||| 00| 0 eng d aJoshi, P.N. aBanking scene during 1982 c1983 a18-27 aJan.-Mar. aBanks - India aJournal of the Indian Institute of Bankers a4317 c4317d4317 00104070aIIPAbIIPAd2018-07-19hVolume no: 54, Issue no: 1pAR4320r2018-07-19w2018-07-19yAR